Country Quiz- Afghanistan - Statistics

General Stats
  • This quiz has been taken 26 times
  • The average score is 3 of 15
Answer Stats
Questions Answers % Correct
What's the capital? Kabul
94%
What is the currency in Afghanistan called? Afghani
56%
What is the main source of income for Afghans? Agriculture
28%
When did Afghanistan become independent? August 19, 1919
22%
Who became the first democratically elected president of Afghanistan in 2004? Hamid Karzai
11%
What are the two offical languages of Afghanistan? Pashto and Dari
11%
When is new year celebrated? 21st March
6%
How many years ago is it estimated that Afghanistan was inhabited by humans? 50,000 years ago
6%
On what day do most shops and businesses close on for the Islamic holy day? Friday
6%
What is new year called? Nawroz
6%
What caves were the world's first oil paintings drawn in? The caves of Bamiyan
6%
What religion is Afghanistan considered to be the place of origin for? Zoroastrianism
6%
What were the 2 most dominant religions before the introduction of Islam? Buddhism and Zoroastrianism
0%
What is the name of the once busiest single-runway airstrip in the world? Kandahar Airfield
0%
What does the term Afghanistan translate to? "the land of Afghans"
0%
No matching quizzes found
Score Distribution
Percent of People with Each Score
Percentile by Number Answered
Your Score History
You have not taken this quiz